Mathématiciens par image - Statistiques

Statistiques générales
  • Ce quiz a été pris 56 fois
  • Le résultat moyen est 9 sur 20
Statistiques - réponses
Par images Réponse % Correct
Pythagore
80%
René Descartes
75%
Leonhard Euler
68%
Carl Friedrich Gauss
64%
Henri Poincarré
57%
Gottfried von Leibniz
52%
Euclide
48%
Srinivasa Ramanujan
48%
Bernhard Riemann
45%
Evariste Galois
45%
Alan Turing
43%
Augustin-Louis Cauchy
41%
Blaise Pascal
41%
Kurt Gödel
36%
David Hilbert
32%
Joseph Fourier
27%
Leonardo Fibonacci
27%
Ada Lovelace
25%
Pierre de Fermat
20%
John von Neumann
14%
Aucun quiz correspondant
Distribution des résultats
% des personnes avec chaque résultat
Percentile par nombre de réponses
Votre historique - résultats
Vous n’avez pas pris ce quiz